01136nam a2200229Ia 4500003000900000005001700009008004100026040003100067040001300098041000800111100004300119245006400162260003900226300001700265490002000282500002000302520035500322942001200677999001700689952010000706952010000806IT-RoPAU20220918175922.0120407s9999 xx 000 0 und d aIT-RoPAUc20140510093057.0 cIT-RoPAU aita aPie Discepole del Divin Maestro924398 aLa nostra regola di vita. b2.Il Valore delle costituzioni. c1989aRoma bCasa Generalizia PDDM a68 p.c21 cm vVol. n. 9aPDDM aUso manoscritto aIndice Presentazione A - Introduzione generale B - Riflessione sulle Costituzioni (Artt 257-260): art.257: Cristo Maestro, suprema regola di vita. art. 258: Costituzioni e Carisma del Fondatore. art. 259: Le Costituzioni: testo normativo e mezzo pratico nell'itinerario di santificazione. art. 260: Assumere con amore le Costituzioni. Note Sigle  cBK2ddc c36363d36363 00102ddc406P_D571aPAULUSbPAULUSd2012-04-11l0oP D5r2012-04-11 00:00:00w2012-04-11yBK 00102ddc406P_D671aPAULUSbPAULUSd2014-05-12l0oP D6r2014-05-12 00:00:00w2014-05-12yBK